Most viewed 'Queen' songs - Statistics

General Stats
  • This quiz has been taken 421 times
  • The average score is 9 of 12
Answer Stats
Rank Views Answer % Correct
1 621 Million Bohemian Rhapsody
98%
6 138 Million We Are The Champions
87%
3 231 Million We will Rock You
87%
11 67 Million Killer Queen
81%
4 207 Million Another One Bites The Dust
80%
2 301 Million Don't Stop Me Now
80%
5 180 Million I Want To Break Free
75%
7 120 Million Somebody To Love
68%
8 102 Million Under Pressure
68%
9 80 Million Crazy Little Thing Called Love
59%
12 63 Million The Show Must Go On
59%
10 75 Million Who Wants To Live Forever
29%
No matching quizzes found
Score Distribution
Percent of People with Each Score
Percentile by Number Answered
Your Score History
You have not taken this quiz